Responses for Show #4866 - Monday, November 7, 2005

2005 College Championship quarterfinal game 1.
From the RBC Center in Raleigh, North Carolina.

Contestants

[<< previous game]

Antonia Wang, a sophomore at Purdue University from Carmel, Indiana

Beth Cimini, a junior at Boston University from East Longmeadow, Massachusetts

Christopher Chilton, a sophomore at the University of North Carolina at Chapel Hill from Holly Springs, North Carolina

[next game >>]

Jeopardy! Round responses

OFF TO COLLEGE
DISNEY MOVIES BY CHARACTER
WORLD CAPITALS
I LEARNED IT FROM SHAKESPEARE
NOUVELLE FAST FOOD
FROM THE FRENCH
    $200 1
Africa

Beth
    $200 4
Aladdin

Christopher
    $200 26
Caracas

Antonia
    $200 11
Romeo and Juliet

Beth
    $200 16
McDonald's

Beth
    $200 21
a chandelier

Beth
    $400 2
computer science

Christopher
    $400 7
101 Dalmatians

Antonia
    $400 27
New Delhi

Beth
    $400 12
flesh

Beth
    $400 17
Subway

Beth
    $400 22
Vermont

Antonia
    $600 3
West Point

Antonia
    $600 8
Pinocchio

Antonia
    $600 28
Ottawa

Christopher
    $600 13
King Lear

Christopher
    $600 18
Taco Bell

Antonia
    $600 23
courage

Christopher
    $800 5
Henry Wadsworth Longfellow

Triple Stumper
    $800 9
Tarzan

Beth
    $800 29
Port-au-Prince (or Santo Domingo)

Christopher
    $800 14
Othello

Beth
    $800 19
KFC

Triple Stumper
    $800 24
ambulance

Christopher
    $1000 6
(Christopher: Who is Billy Graham?)

Martin Luther King

ChristopherAntonia
    $1000 10
The Jungle Book

Beth
    $1000 30
Pretoria

Christopher
    $2,500 15
Polonius

Beth
    $1000 20
Burger King

Beth
    $1000 25
(Beth: What is a chateau?)
(Antonia: What is a "shat-let"?)
(Alex: Nope, you mispronounced it, or misspoke.)

a chalet

BethAntonia
Triple Stumper

Scores at the first commercial break (after clue 15):

Christopher Beth Antonia
$200 $5,900 $2,600

Scores at the end of the Jeopardy! Round:

Christopher Beth Antonia
$4,000 $7,100 $2,800

Double Jeopardy! Round responses

CAROLINIANS ON MY MIND
REALITY TV
TO PHRASE A COIN
DORM DECOR
FINALS
I GOT 3 As, MOM!
(Alex: And in this category, each correct response will have 3 "A"s.)
    $400 1
Vanna White

Christopher
    $400 6
"You're fired!"

Beth
    $400 26
a dime

Beth
    $400 11
a beanbag chair

Beth
    $400 18
Jack Nicklaus

Triple Stumper
    $400 13
Galahad

Beth
    $800 2
(Alex: Now's the time for that gentleman.)

Billy Graham

Christopher
    $800 7
The Surreal Life

Beth
    $800 27
(Christopher: What is Portugal?)

Spain

ChristopherBeth
    $800 12
Linens 'N Things

Christopher
    $800 19
the Fireside Chats

Beth
    $800 14
(Christopher: What is... Arkansas!)

Arkansas & Alaska

ChristopherBeth
    $1200 3
Dale Earnhardt, Jr.

Beth
    $1200 8
Joe Millionaire

Beth
    $1200 28
Yellowstone

Antonia
    $1200 23
a blacklight poster

Beth
    $1200 20
Gilbert & Sullivan

Beth
    $1200 15
a cappella

Christopher
    $1600 4
Jesse Jackson

Antonia
    $1600 9
The Bachelorette

Beth
    $2,000 29
(Alex: [*] is right--[*] pluribus unum.)

E

Antonia
    $1600 24
(Beth: What is Paris?)

Chartres

BethAntonia
    $5,000 21
(Beth: A portrait of an Artist as [*]?... What is A Portrait of an Artist as [*]?)
(Alex: Thank you very much.)

an Old Man

Beth
    $1600 16
agrarian

Christopher
    $2000 5
(Christopher: What is... cybernetics?)

cyberspace

Christopher
Triple Stumper
    $2000 10
Kenya

Triple Stumper
    $2000 30
the "Loonie"

Triple Stumper
    $2000 25
Yaffa blocks

Beth
    $2000 22
Admiral Byrd

Triple Stumper
    $2000 17
(Christopher: What is...)
(Antonia: What is Arcadia?)
(Beth: What is Paradise?)

Canaan

ChristopherBethAntonia
Triple Stumper

Scores at the end of the Double Jeopardy! Round:

Christopher Beth Antonia
$3,200 $21,700 $7,200
(lock game)

Final Jeopardy! Round responses

NOTABLE NAMES
ChristopherWho is Einstein? Newton?
$3,199
AntoniaWho is Einstein?
$4,100
BethWho is Einstein?
$7,200
Albert Einstein

Final scores:

Christopher Beth Antonia
$1 $28,900 $11,300
3rd place: $5,000 if eliminated Automatic semifinalist 2nd place: $5,000 if eliminated

Game dynamics:

Coryat scores:

Christopher Beth Antonia
$3,200 $16,800 $6,800
13 R,
5 W
27 R
(including 2 DDs),
3 W
11 R
(including 1 DD),
2 W

Combined Coryat: $26,800

[game clues] [game scores] [suggest correction]

Game tape date: 2005-10-01
The J! Archive is created by fans, for fans. Scraping, republication, monetization, and malicious use prohibited; this site may use cookies and collect identifying information. See terms. The Jeopardy! game show and all elements thereof, including but not limited to copyright and trademark thereto, are the property of Jeopardy Productions, Inc. and are protected under law. This website is not affiliated with, sponsored by, or operated by Jeopardy Productions, Inc. Join the discussion at JBoard.tv.